[Event "Capablanca mem Premier I"]
[Site "La Habana CUB"]
[Date "2005.05.12"]
[Round "7.4"]
[White "Kallio, Heikki"]
[Black "Flores, Diego"]
[Result "1-0"]
[WhiteElo "2469"]
[BlackElo "2491"]
[PlyCount "93"]
[EventDate "2005.05.06"]
[EventType "tourn"]
[EventRounds "1"]
[EventCountry "CUB"]
[EventCategory "8"]
[Source "lmi"]
[SourceDate "2005.05.22"]

1. c4 g6 2. d4 Bg7 3. e4 d6 4. Nf3 Nf6 5. Nc3 O-O 6. Be2 Bg4 7. Be3 Nfd7 8. O-O
Nc6 9. Rc1 e5 10. d5 Bxf3 11. Bxf3 Nd4 12. Bg4 c5 13. dxc6 bxc6 14. b4 Rb8 15.
b5 cxb5 16. Nxb5 Nf6 17. Bxd4 exd4 18. Bf3 Nd7 19. Nxd4 Rb2 20. Nc6 Qc7 21.
Ne7+ Kh8 22. Rc2 Rxc2 23. Qxc2 Ne5 24. Nd5 Nxf3+ 25. gxf3 Qd7 26. Kg2 f5 27. h3
Qd8 28. f4 g5 29. exf5 gxf4 30. Qd3 Be5 31. Kh1 Qh4 32. Qf3 Rg8 33. Rg1 Rg3 34.
Rxg3 fxg3 35. Qg4 gxf2 36. Kg2 Qh6 37. Kxf2 Qd2+ 38. Qe2 Qg5 39. Qd3 Qc1 40.
Ne3 Kg7 41. Qe2 Qa1 42. Ng4 h5 43. Nxe5 dxe5 44. Qd2 Kf6 45. Qh6+ Kxf5 46.
Qxh5+ Ke4 47. Qf3+ 1-0

[Event "Capablanca mem Premier I"]
[Site "La Habana CUB"]
[Date "2005.05.12"]
[Round "7.5"]
[White "Abreu, Aryam"]
[Black "Vera, Reynaldo"]
[Result "1/2-1/2"]
[WhiteElo "2440"]
[BlackElo "2507"]
[PlyCount "36"]
[EventDate "2005.05.06"]
[EventType "tourn"]
[EventRounds "1"]
[EventCountry "CUB"]
[EventCategory "8"]
[Source "lmi"]
[SourceDate "2005.05.22"]

1. e4 c5 2. Nf3 d6 3. d4 cxd4 4. Nxd4 Nf6 5. Nc3 Nc6 6. Bc4 Qb6 7. Nb3 e6 8.
Bf4 Ne5 9. Be2 Bd7 10. g4 h6 11. Rg1 g5 12. Be3 Qc7 13. Qd4 a6 14. h4 Rg8 15.
hxg5 hxg5 16. Qb6 Qxb6 17. Bxb6 Bc6 18. f3 d5 1/2-1/2

[Event "Capablanca mem Premier I"]
[Site "La Habana CUB"]
[Date "2005.05.12"]
[Round "7.6"]
[White "Soppe, Guillermo"]
[Black "De la Paz, Frank"]
[Result "0-1"]
[WhiteElo "2453"]
[BlackElo "2461"]
[PlyCount "59"]
[EventDate "2005.05.06"]
[EventType "tourn"]
[EventRounds "1"]
[EventCountry "CUB"]
[EventCategory "8"]
[Source "lmi"]
[SourceDate "2005.05.22"]

1. d4 Nf6 2. c4 g6 3. Nc3 Bg7 4. e4 d6 5. h3 O-O 6. Bg5 Na6 7. Bd3 e5 8. d5 Qe8
9. g4 Nd7 10. Nge2 Ndc5 11. Rg1 Bd7 12. Bc2 Nb4 13. Bb1 a5 14. a3 Nba6 15. Bc2
a4 16. h4 b5 17. cxb5 Bxb5 18. Nxb5 Qxb5 19. Rb1 Rab8 20. Nc3 Qa5 21. Rg3 Nb3
22. Kf1 Nac5 23. h5 Rb7 24. h6 Bh8 25. Kg2 Rfb8 26. Na2 Na6 27. Bxb3 Rxb3 28.
Rxb3 Rxb3 29. Qc2 Nc5 30. Nb4 0-1

[Event "Capablanca mem Premier I"]
[Site "La Habana CUB"]
[Date "2005.05.12"]
[Round "7.7"]
[White "Mosquera, Miguel"]
[Black "Perez, Rodney"]
[Result "1/2-1/2"]
[WhiteElo "2434"]
[BlackElo "2437"]
[PlyCount "93"]
[EventDate "2005.05.06"]
[EventType "tourn"]
[EventRounds "1"]
[EventCountry "CUB"]
[EventCategory "8"]
[Source "lmi"]
[SourceDate "2005.05.22"]

1. e4 e5 2. Nf3 Nf6 3. Nxe5 d6 4. Nf3 Nxe4 5. Nc3 Nxc3 6. dxc3 Be7 7. Bf4 Nc6
8. Qd2 Be6 9. O-O-O a6 10. Ng5 Bxg5 11. Bxg5 Qd7 12. f4 f6 13. Bh4 O-O-O 14. h3
h5 15. Be2 Rde8 16. Bf3 Bf5 17. Rhe1 Qf7 18. Bd5 Qg6 19. c4 Be4 20. Re3 Bxd5
21. Rg3 Qe4 22. cxd5 Ne7 23. Re1 Qa4 24. Ra3 Qc4 25. Ra5 Nf5 26. b3 Rxe1+ 27.
Bxe1 Qf1 28. Qf2 Qxf2 29. Bxf2 Re8 30. Kd2 Re4 31. Ra4 Rxa4 32. bxa4 c6 33. g4
hxg4 34. hxg4 Nh6 35. dxc6 bxc6 36. g5 fxg5 37. fxg5 Ng4 38. Bd4 g6 39. Ke2 c5
40. Bg7 Ne5 41. Bxe5 dxe5 42. Kd3 Kd7 43. Ke4 Kd6 44. c4 a5 45. Ke3 Ke6 46. Ke4
Kd6 47. Ke3 1/2-1/2

[Event "Capablanca mem Premier I"]
[Site "La Habana CUB"]
[Date "2005.05.13"]
[Round "8.1"]
[White "Perez, Luis Manuel"]
[Black "Perez, Rodney"]
[Result "1-0"]
[WhiteElo "2420"]
[BlackElo "2437"]
[PlyCount "105"]
[EventDate "2005.05.06"]
[EventType "tourn"]
[EventRounds "1"]
[EventCountry "CUB"]
[EventCategory "8"]
[Source "lmi"]
[SourceDate "2005.05.22"]

1. e4 e5 2. Nf3 Nf6 3. Nxe5 d6 4. Nf3 Nxe4 5. Nc3 Nf6 6. d4 Be7 7. Bd3 Bg4 8.
h3 Bh5 9. Be3 d5 10. Qd2 Bxf3 11. gxf3 Nc6 12. O-O-O Qd7 13. Kb1 O-O-O 14. a3
Nh5 15. Ne2 g6 16. Ng3 Ng7 17. c4 dxc4 18. Bxc4 Nf5 19. d5 Ne5 20. Be2 Qa4 21.
Nxf5 gxf5 22. Qc3 Bd6 23. Rd4 Qe8 24. Qa5 a6 25. Rc1 Kd7 26. Bg5 Rg8 27. Bxd8
Qxd8 28. f4 Ng6 29. Qa4+ Ke7 30. Qc2 Qd7 31. Bd3 Nh4 32. Qe2+ Kf8 33. Qh5 Qe7
34. Qh6+ Rg7 35. Rg1 Ng6 36. Bxf5 Qe2 37. Re4 Qxf2 38. Rge1 Ne7 39. Qf6 Rg1 40.
Qh8+ Rg8 41. Qxh7 Rg7 42. Qh8+ Rg8 43. Qh6+ Rg7 44. Bg4 Kg8 45. f5 Nxd5 46.
R4e2 Qd4 47. Rd2 Qf6 48. Re8+ Bf8 49. Qxf6 Nxf6 50. Rc8 Rg5 51. Rdd8 Nh7 52. f6
Re5 53. Ka2 1-0

[Event "Capablanca mem Premier I"]
[Site "La Habana CUB"]
[Date "2005.05.13"]
[Round "8.2"]
[White "De la Paz, Frank"]
[Black "Mosquera, Miguel"]
[Result "1/2-1/2"]
[WhiteElo "2461"]
[BlackElo "2434"]
[PlyCount "92"]
[EventDate "2005.05.06"]
[EventType "tourn"]
[EventRounds "1"]
[EventCountry "CUB"]
[EventCategory "8"]
[Source "lmi"]
[SourceDate "2005.05.22"]

1. e4 c5 2. Nf3 d6 3. d4 cxd4 4. Nxd4 Nf6 5. Nc3 a6 6. Be3 e5 7. Nb3 Be6 8. f3
Be7 9. Qd2 O-O 10. O-O-O Qc7 11. g4 Rc8 12. g5 Nh5 13. Kb1 Nd7 14. f4 exf4 15.
Bxf4 Nxf4 16. Qxf4 b5 17. Nd4 b4 18. Nd5 Bxd5 19. exd5 a5 20. h4 Ne5 21. h5 a4
22. g6 Bf6 23. Bh3 a3 24. Bxc8 Rxc8 25. gxf7+ Qxf7 26. h6 axb2 27. Qf5 Qd7 28.
Qxd7 Nxd7 29. hxg7 Nb6 30. Rhf1 Nxd5 31. Rxf6 Nc3+ 32. Kxb2 Nxd1+ 33. Kb3 Kxg7
34. Rxd6 Nc3 35. Ra6 Nd5 36. Nf5+ Kg8 37. Ra7 Rc3+ 38. Kb2 Nb6 39. Nd6 Rc6 40.
Ne4 Rc4 41. Nd2 Rd4 42. Nf3 Rg4 43. Ne5 Nc4+ 44. Nxc4 Rxc4 45. Kb3 Rc3+ 46. Kb2
Rc4 1/2-1/2

[Event "Capablanca mem Premier I"]
[Site "La Habana CUB"]
[Date "2005.05.13"]
[Round "8.3"]
[White "Vera, Reynaldo"]
[Black "Soppe, Guillermo"]
[Result "1/2-1/2"]
[WhiteElo "2507"]
[BlackElo "2453"]
[PlyCount "28"]
[EventDate "2005.05.06"]
[EventType "tourn"]
[EventRounds "1"]
[EventCountry "CUB"]
[EventCategory "8"]
[Source "lmi"]
[SourceDate "2005.05.22"]

1. d4 d5 2. c4 e6 3. Nc3 Nf6 4. cxd5 exd5 5. Bg5 c6 6. e3 Bf5 7. Qf3 Bg6 8.
Bxf6 Qxf6 9. Qxf6 gxf6 10. Nf3 Nd7 11. Kd2 Bd6 12. Bd3 O-O-O 13. Rac1 Kb8 14.
h4 h5 1/2-1/2

[Event "Capablanca mem Premier I"]
[Site "La Habana CUB"]
[Date "2005.05.13"]
[Round "8.5"]
[White "Ortega, Mariano"]
[Black "Kallio, Heikki"]
[Result "0-1"]
[WhiteElo "2411"]
[BlackElo "2469"]
[PlyCount "116"]
[EventDate "2005.05.06"]
[EventType "tourn"]
[EventRounds "1"]
[EventCountry "CUB"]
[EventCategory "8"]
[Source "lmi"]
[SourceDate "2005.05.22"]

1. d4 Nf6 2. Nf3 e6 3. c4 b6 4. g3 Ba6 5. b3 b5 6. cxb5 Bxb5 7. Bg2 d5 8. O-O
Nbd7 9. Ba3 Bd6 10. Re1 O-O 11. Nfd2 Bc6 12. Nc4 Bxa3 13. Nbxa3 Rb8 14. Nb2 Ba8
15. Nd3 Qe7 16. Qc1 c5 17. Nxc5 Rfc8 18. Qb2 Nxc5 19. dxc5 Rxc5 20. Rac1 Rbc8
21. Rxc5 Qxc5 22. b4 Qc6 23. e3 h5 24. h3 Bb7 25. Kh2 h4 26. gxh4 Ne4 27. Re2
Qc7+ 28. Kg1 Qe7 29. Rc2 Rf8 30. Nb5 Qxh4 31. Qd4 Qh5 32. Rc7 Ba6 33. Nc3 Nxc3
34. Qxc3 Qd1+ 35. Kh2 Qe2 36. Qc2 Qxc2 37. Rxc2 Bc4 38. Kg3 f6 39. f4 Kf7 40.
Kf2 Rh8 41. a4 Ke7 42. e4 a6 43. Ke3 Kd6 44. Rc1 Rb8 45. Rb1 a5 46. b5 Kc5 47.
exd5 exd5 48. Bf3 Rh8 49. b6 Ba6 50. b7 Rb8 51. Be2 Rxb7 52. Rxb7 d4+ 53. Kd2
Bxb7 54. h4 Be4 55. Bb5 Bf5 56. Ba6 Bd7 57. Bd3 f5 58. Bc2 Kc4 0-1

[Event "Capablanca mem Premier I"]
[Site "La Habana CUB"]
[Date "2005.05.13"]
[Round "8.6"]
[White "Gonzalez, Yuri"]
[Black "Zambrana, Oswaldo"]
[Result "1-0"]
[WhiteElo "2482"]
[BlackElo "2472"]
[PlyCount "77"]
[EventDate "2005.05.06"]
[EventType "tourn"]
[EventRounds "1"]
[EventCountry "CUB"]
[EventCategory "8"]
[Source "lmi"]
[SourceDate "2005.05.22"]

1. d4 d5 2. c4 dxc4 3. Nf3 Nf6 4. e3 e6 5. Bxc4 c5 6. O-O a6 7. Bd3 b5 8. a4 b4
9. Nbd2 Bb7 10. e4 cxd4 11. e5 Nfd7 12. Nc4 Nc6 13. Bg5 Qc7 14. Rc1 Bc5 15. Re1
O-O 16. Bc2 Rfe8 17. Qd3 Nf8 18. Nfd2 Na5 19. Nxa5 Qxa5 20. Nb3 Qb6 21. a5 Qa7
22. Qd2 Be7 23. Bxe7 Rxe7 24. Qxb4 Rd7 25. Nc5 Rc7 26. Ba4 Rac8 27. Nd3 Bd5 28.
Rxc7 Qxc7 29. f3 Rb8 30. Qd2 Ng6 31. Rc1 Qe7 32. b4 Nh4 33. Bc6 Qd8 34. Bxd5
Qxd5 35. Qc2 g5 36. Qc4 Qd7 37. Qxa6 Ng6 38. Qd6 Qa4 39. Qxb8+ 1-0

[Event "Capablanca mem Premier I"]
[Site "La Habana CUB"]
[Date "2005.05.13"]
[Round "8.7"]
[White "Fernandez Romero, Ernesto"]
[Black "Garcia Martinez, Silvino"]
[Result "1/2-1/2"]
[WhiteElo "2449"]
[BlackElo "2351"]
[PlyCount "60"]
[EventDate "2005.05.06"]
[EventType "tourn"]
[EventRounds "1"]
[EventCountry "CUB"]
[EventCategory "8"]
[Source "lmi"]
[SourceDate "2005.05.22"]

1. e4 c5 2. Nf3 e6 3. b3 b6 4. Bd3 Bb7 5. O-O d6 6. Re1 Nd7 7. Bb2 Ngf6 8. c3
Be7 9. Bc2 Ne5 10. d4 Nxf3+ 11. Qxf3 cxd4 12. cxd4 Rc8 13. Bd3 O-O 14. Qh3 g6
15. Nd2 d5 16. e5 Bb4 17. Rad1 Nh5 18. Re3 Rc7 19. Nf3 Nf4 20. Qh6 Nxd3 21.
Rexd3 f6 22. a3 Be7 23. exf6 Bxf6 24. Qd2 Qe8 25. Bc3 Ba6 26. Re3 Bg7 27. h4
Bh6 28. Ng5 Rf5 29. Rde1 Rxg5 30. hxg5 Bxg5 1/2-1/2

[Event "Capablanca mem Premier I"]
[Site "La Habana CUB"]
[Date "2005.05.14"]
[Round "9.1"]
[White "Garcia Martinez, Silvino"]
[Black "Perez, Luis Manuel"]
[Result "0-1"]
[WhiteElo "2351"]
[BlackElo "2420"]
[PlyCount "74"]
[EventDate "2005.05.06"]
[EventType "tourn"]
[EventRounds "1"]
[EventCountry "CUB"]
[EventCategory "8"]
[Source "lmi"]
[SourceDate "2005.05.22"]

1. e4 d6 2. d4 Nf6 3. Nc3 g6 4. Nf3 Bg7 5. Be2 O-O 6. O-O Bg4 7. Be3 Nc6 8. Qd2
e5 9. d5 Ne7 10. Ne1 Bxe2 11. Qxe2 c6 12. dxc6 bxc6 13. Rd1 Qc7 14. Nd3 d5 15.
Bc5 Rfe8 16. f3 Nc8 17. Bf2 Nb6 18. Nb1 Nh5 19. b3 Rad8 20. c3 a5 21. Qc2 a4
22. c4 axb3 23. axb3 dxc4 24. bxc4 Nd7 25. Nd2 Nf8 26. Nb3 Ne6 27. Ra1 Ra8 28.
Ra2 Rxa2 29. Qxa2 Nhf4 30. Nxf4 Nxf4 31. Rd1 Rd8 32. Qa1 Bf8 33. Be3 Ne6 34. g3
Rb8 35. Rd3 c5 36. Nd2 Nd4 37. Qa2 Ne2+ 0-1

[Event "Capablanca mem Premier I"]
[Site "La Habana CUB"]
[Date "2005.05.14"]
[Round "9.2"]
[White "Zambrana, Oswaldo"]
[Black "Fernandez Romero, Ernesto"]
[Result "1-0"]
[WhiteElo "2472"]
[BlackElo "2449"]
[PlyCount "115"]
[EventDate "2005.05.06"]
[EventType "tourn"]
[EventRounds "1"]
[EventCountry "CUB"]
[EventCategory "8"]
[Source "lmi"]
[SourceDate "2005.05.22"]

1. e4 e6 2. d4 d5 3. e5 c5 4. c3 Qb6 5. Nf3 Nc6 6. a3 Nh6 7. b4 cxd4 8. cxd4
Nf5 9. Bb2 Bd7 10. g4 Nh6 11. Rg1 Rc8 12. Nbd2 Be7 13. Bd3 O-O 14. Qb1 g6 15.
Rg3 Kg7 16. Kf1 Nb8 17. Nb3 Bb5 18. Nc5 Qc6 19. Bxb5 Qxb5+ 20. Kg2 b6 21. Nd3
Qa4 22. Nfe1 Rc4 23. Bc1 Rxd4 24. Be3 Re4 25. h3 Qc6 26. Bxh6+ Kxh6 27. Nf3 f5
28. exf6 Bxf6 29. g5+ Kg7 30. gxf6+ Rxf6 31. Nde5 Qd6 32. Qb2 d4 33. Rd1 Rff4
34. Nd3 Rf5 35. Ng5 Rh4 36. Re1 Qd5+ 37. Nf3 Nd7 38. Qe2 e5 39. Kg1 Rhh5 40.
Nd2 a5 41. Ne4 Rh4 42. Kh2 h5 43. f3 Nf6 44. Nxf6 Kxf6 45. Qg2 g5 46. Re4 g4
47. fxg4 hxg4 48. Rexg4 Qxg2+ 49. Kxg2 Rxg4 50. hxg4 Rg5 51. Kf3 axb4 52. axb4
Ke6 53. Ke4 Kd6 54. Rg2 Ke6 55. Nb2 b5 56. Nd3 Kd6 57. Nc5 Rg8 58. g5 1-0

[Event "Capablanca mem Premier I"]
[Site "La Habana CUB"]
[Date "2005.05.14"]
[Round "9.4"]
[White "Abreu, Aryam"]
[Black "Ortega, Mariano"]
[Result "1/2-1/2"]
[WhiteElo "2440"]
[BlackElo "2411"]
[PlyCount "113"]
[EventDate "2005.05.06"]
[EventType "tourn"]
[EventRounds "1"]
[EventCountry "CUB"]
[EventCategory "8"]
[Source "lmi"]
[SourceDate "2005.05.22"]

1. e4 e5 2. Nf3 Nc6 3. Bb5 Nf6 4. d3 d6 5. c3 g6 6. O-O Bg7 7. Re1 O-O 8. h3 a6
9. Ba4 b5 10. Bb3 Na5 11. Bc2 c5 12. d4 cxd4 13. cxd4 exd4 14. Nxd4 Bb7 15. a4
Qb6 16. Nf3 Rfe8 17. Be3 Qd8 18. axb5 axb5 19. Nbd2 d5 20. Nd4 b4 21. e5 Rxe5
22. Ra4 Qf8 23. N2f3 Ree8 24. Bd2 Rxe1+ 25. Bxe1 Nc4 26. Bxb4 Qe8 27. Rxa8 Bxa8
28. b3 Ne5 29. Bc5 Nxf3+ 30. Nxf3 Ne4 31. Bb4 Nc3 32. Qd2 d4 33. Qg5 h6 34. Qe7
Qxe7 35. Bxe7 Ne2+ 36. Kf1 Nf4 37. Bd1 Bb7 38. Bd6 Ba6+ 39. Ke1 Nxg2+ 40. Kd2
h5 41. b4 Bh6+ 42. Kc2 d3+ 43. Kc3 Nf4 44. Bxf4 Bxf4 45. Ne1 d2 46. Nf3 g5 47.
Nxd2 h4 48. Bg4 Be5+ 49. Kc2 Kg7 50. Nf3 Bf6 51. Kd2 Kg6 52. Bd7 Bb7 53. Ke2
Bc3 54. b5 Bxf3+ 55. Kxf3 Bd4 56. Ke2 Kf6 57. f3 1/2-1/2

[Event "Capablanca mem Premier I"]
[Site "La Habana CUB"]
[Date "2005.05.14"]
[Round "9.5"]
[White "Soppe, Guillermo"]
[Black "Flores, Diego"]
[Result "0-1"]
[WhiteElo "2453"]
[BlackElo "2491"]
[PlyCount "83"]
[EventDate "2005.05.06"]
[EventType "tourn"]
[EventRounds "1"]
[EventCountry "CUB"]
[EventCategory "8"]
[Source "lmi"]
[SourceDate "2005.05.22"]

1. Nf3 c5 2. c4 Nc6 3. Nc3 Nf6 4. g3 g6 5. Bg2 Bg7 6. O-O O-O 7. d4 d6 8. d5
Na5 9. Nd2 e5 10. a3 b6 11. b4 Nb7 12. e4 Ng4 13. h3 Nh6 14. Bb2 f5 15. exf5
gxf5 16. Ne2 Bd7 17. f4 Qe7 18. fxe5 dxe5 19. Qb3 Rac8 20. Rae1 Nd6 21. Nf4 e4
22. Kh1 Bxb2 23. Qxb2 Qg7 24. Qxg7+ Kxg7 25. b5 Rfe8 26. Re3 Ra8 27. Rg1 Nhf7
28. Bf1 a6 29. bxa6 Rxa6 30. Be2 Rea8 31. Rb1 Kf6 32. Nh5+ Ke7 33. g4 Kd8 34.
gxf5 Nxf5 35. Rxe4 Rxa3 36. Rxb6 Rxh3+ 37. Kg1 Ra2 38. Nb3 N5d6 39. Nxc5 Nxe4
40. Nxe4 Rxe2 41. Nhf6 Rd3 42. Ra6 0-1

[Event "Capablanca mem Premier I"]
[Site "La Habana CUB"]
[Date "2005.05.14"]
[Round "9.7"]
[White "Perez, Rodney"]
[Black "De la Paz, Frank"]
[Result "1/2-1/2"]
[WhiteElo "2437"]
[BlackElo "2461"]
[PlyCount "22"]
[EventDate "2005.05.06"]
[EventType "tourn"]
[EventRounds "1"]
[EventCountry "CUB"]
[EventCategory "8"]
[Source "lmi"]
[SourceDate "2005.05.22"]

1. e4 e5 2. Nf3 Nc6 3. Bc4 Bc5 4. c3 Nf6 5. d4 exd4 6. O-O Nxe4 7. cxd4 d5 8.
dxc5 dxc4 9. Qe2 Qd3 10. Re1 Qxe2 11. Rxe2 f5 1/2-1/2

[Event "Capablanca mem Premier I"]
[Site "La Habana CUB"]
[Date "2005.05.15"]
[Round "10.1"]
[White "Perez, Luis Manuel"]
[Black "De la Paz, Frank"]
[Result "0-1"]
[WhiteElo "2420"]
[BlackElo "2461"]
[PlyCount "114"]
[EventDate "2005.05.06"]
[EventType "tourn"]
[EventRounds "1"]
[EventCountry "CUB"]
[EventCategory "8"]
[Source "lmi"]
[SourceDate "2005.05.22"]

1. e4 e5 2. Nf3 Nc6 3. Bb5 a6 4. Ba4 Nf6 5. d4 Be7 6. Nxe5 Nxe5 7. dxe5 Nxe4 8.
Qg4 Bg5 9. Nc3 Bxc1 10. Qxg7 Bd2+ 11. Kf1 Nxc3 12. Qxh8+ Ke7 13. Qxd8+ Kxd8 14.
bxc3 Bxc3 15. Rd1 Bxe5 16. Bb3 f6 17. g3 b5 18. Kg2 c6 19. Be6 Bc3 20. Rd3 b4
21. Bf5 a5 22. Rhd1 d5 23. Bxc8 Rxc8 24. Re3 Kc7 25. Kf3 Kd6 26. Kf4 f5 27. Re2
Rf8 28. Rd3 Bb2 29. Kf3 d4 30. Rd1 Bc3 31. Kf4 c5 32. h4 a4 33. Re5 c4 34. Ra5
a3 35. h5 Re8 36. Kf3 Kc6 37. Ra6+ Kb5 38. Ra7 Kb6 39. Rxh7 b3 40. cxb3 cxb3
41. axb3 a2 42. h6 a1=Q 43. Rxa1 Bxa1 44. Rf7 Rd8 45. Rf6+ Kc5 46. Rxf5+ Kb4
47. Rf4 Kxb3 48. Ke2 d3+ 49. Kd1 Bc3 50. Rf3 Kc4 51. Rf4+ Bd4 52. h7 Ra8 53.
Kd2 Ra2+ 54. Ke1 Kc3 55. Kf1 Ra1+ 56. Kg2 Ra8 57. Rg4 Rh8 0-1

[Event "Capablanca mem Premier I"]
[Site "La Habana CUB"]
[Date "2005.05.15"]
[Round "10.3"]
[White "Flores, Diego"]
[Black "Mosquera, Miguel"]
[Result "1-0"]
[WhiteElo "2491"]
[BlackElo "2434"]
[PlyCount "73"]
[EventDate "2005.05.06"]
[EventType "tourn"]
[EventRounds "1"]
[EventCountry "CUB"]
[EventCategory "8"]
[Source "lmi"]
[SourceDate "2005.05.22"]

1. Nf3 Nf6 2. c4 c6 3. Nc3 d5 4. e3 e6 5. b3 Nbd7 6. Bb2 Bb4 7. a3 Bd6 8. Qc2
Qe7 9. g3 a6 10. Bg2 b5 11. O-O Bb7 12. e4 Nxe4 13. Nxe4 dxe4 14. Qxe4 O-O 15.
d4 Nf6 16. Qh4 bxc4 17. bxc4 Nd7 18. Qxe7 Bxe7 19. c5 Rfd8 20. Rfe1 Bf6 21.
Rab1 a5 22. Bc3 Rdb8 23. Bd2 Bc8 24. Rxb8 Nxb8 25. Rb1 Nd7 26. Bf4 Ba6 27. Bd6
Rc8 28. a4 Bd8 29. Bf1 Bxf1 30. Kxf1 Nf6 31. Ne5 Ne4 32. Rb7 Nc3 33. Nxf7 Bf6
34. Ne5 Nxa4 35. Rb3 Rd8 36. Ke2 g5 37. f4 1-0

[Event "Capablanca mem Premier I"]
[Site "La Habana CUB"]
[Date "2005.05.15"]
[Round "10.4"]
[White "Ortega, Mariano"]
[Black "Soppe, Guillermo"]
[Result "1/2-1/2"]
[WhiteElo "2411"]
[BlackElo "2453"]
[PlyCount "30"]
[EventDate "2005.05.06"]
[EventType "tourn"]
[EventRounds "1"]
[EventCountry "CUB"]
[EventCategory "8"]
[Source "lmi"]
[SourceDate "2005.05.22"]

1. e4 d5 2. exd5 Qxd5 3. Nc3 Qa5 4. d4 Nf6 5. Bc4 c6 6. Nf3 Bf5 7. O-O e6 8.
Ne5 Nbd7 9. Nxd7 Nxd7 10. Qe2 Be7 11. a3 Qc7 12. Bd3 Bg6 13. Ne4 e5 14. dxe5
Nxe5 15. Bf4 f6 1/2-1/2

[Event "Capablanca mem Premier I"]
[Site "La Habana CUB"]
[Date "2005.05.15"]
[Round "10.5"]
[White "Gonzalez, Yuri"]
[Black "Abreu, Aryam"]
[Result "1/2-1/2"]
[WhiteElo "2482"]
[BlackElo "2440"]
[PlyCount "90"]
[EventDate "2005.05.06"]
[EventType "tourn"]
[EventRounds "1"]
[EventCountry "CUB"]
[EventCategory "8"]
[Source "lmi"]
[SourceDate "2005.05.22"]

1. d4 d5 2. c4 c6 3. Nc3 Nf6 4. Nf3 dxc4 5. a4 Bf5 6. Ne5 Nbd7 7. Nxc4 Nb6 8.
Ne5 a5 9. f3 Nfd7 10. Nxd7 Bxd7 11. e4 e5 12. Be3 Bd6 13. dxe5 Bxe5 14. Qb3 Nc8
15. Rd1 Qc7 16. f4 Be6 17. Bc4 Bxc4 18. Qxc4 Bxf4 19. Bxf4 Qxf4 20. Rf1 Qe3+
21. Ne2 Rf8 22. Rxf7 Ne7 23. Rd3 Qg5 24. Rxf8+ Kxf8 25. Rf3+ Ke8 26. Qf7+ Kd7
27. Rd3+ Kc7 28. Rg3 Qh4 29. Nf4 Kb6 30. Ke2 Ng6 31. Rb3+ Kc5 32. Nd3+ Kd6 33.
e5+ Nxe5 34. Nxe5 Kxe5 35. Qxg7+ Kd6 36. Rd3+ Kc5 37. Rc3+ Kd6 38. Rd3+ Kc5 39.
Qe5+ Kb6 40. Qd4+ Qxd4 41. Rxd4 Re8+ 42. Kd2 Re7 43. Rc4 Rf7 44. Ke2 Re7+ 45.
Kd2 Rf7 1/2-1/2

[Event "Capablanca mem Premier I"]
[Site "La Habana CUB"]
[Date "2005.05.15"]
[Round "10.6"]
[White "Fernandez Romero, Ernesto"]
[Black "Kallio, Heikki"]
[Result "1/2-1/2"]
[WhiteElo "2449"]
[BlackElo "2469"]
[PlyCount "53"]
[EventDate "2005.05.06"]
[EventType "tourn"]
[EventRounds "1"]
[EventCountry "CUB"]
[EventCategory "8"]
[Source "lmi"]
[SourceDate "2005.05.22"]

1. e4 c6 2. Nc3 d5 3. d4 dxe4 4. Nxe4 Nd7 5. Ng5 e6 6. Bd3 Ndf6 7. N1f3 Bd6 8.
Qe2 h6 9. Ne4 Nxe4 10. Qxe4 Nf6 11. Qh4 Bd7 12. Bf4 Qa5+ 13. c3 Qc7 14. Be5
O-O-O 15. Qg3 Ne8 16. h4 f6 17. Bxd6 Qxd6 18. Qxd6 Nxd6 19. O-O-O g5 20. hxg5
hxg5 21. Nd2 Kc7 22. Ne4 Nxe4 23. Bxe4 b6 24. g3 c5 25. dxc5 bxc5 26. Rxh8 Rxh8
27. Rh1 1/2-1/2

[Event "Capablanca mem Premier I"]
[Site "La Habana CUB"]
[Date "2005.05.15"]
[Round "10.7"]
[White "Garcia Martinez, Silvino"]
[Black "Zambrana, Oswaldo"]
[Result "1-0"]
[WhiteElo "2351"]
[BlackElo "2472"]
[PlyCount "77"]
[EventDate "2005.05.06"]
[EventType "tourn"]
[EventRounds "1"]
[EventCountry "CUB"]
[EventCategory "8"]
[Source "lmi"]
[SourceDate "2005.05.22"]

1. e4 c5 2. Nf3 Nc6 3. Bb5 g6 4. O-O Bg7 5. Re1 e5 6. Bxc6 dxc6 7. d3 Qe7 8.
Be3 Nf6 9. h3 Nd7 10. c3 O-O 11. Nbd2 Rd8 12. Qb3 h6 13. Qa3 Qf8 14. Rad1 b6
15. Qa4 Bb7 16. Nf1 a5 17. Ng3 Qe8 18. Qc2 Qe7 19. a3 Nf8 20. b4 axb4 21. axb4
Ne6 22. bxc5 bxc5 23. Rb1 Ba6 24. Red1 Qd6 25. c4 Bc8 26. Ne2 f5 27. exf5 gxf5
28. Ng3 Qf8 29. Bc1 Qf7 30. Re1 Nd4 31. Nxd4 cxd4 32. f4 e4 33. dxe4 d3 34. Qf2
fxe4 35. Rxe4 Be6 36. f5 Bxc4 37. Kh1 Kh8 38. Bb2 Bxb2 39. Qxb2+ 1-0

[Event "Capablanca mem Premier I"]
[Site "La Habana CUB"]
[Date "2005.05.16"]
[Round "11.1"]
[White "Zambrana, Oswaldo"]
[Black "Perez, Luis Manuel"]
[Result "0-1"]
[WhiteElo "2472"]
[BlackElo "2420"]
[PlyCount "76"]
[EventDate "2005.05.06"]
[EventType "tourn"]
[EventRounds "1"]
[EventCountry "CUB"]
[EventCategory "8"]
[Source "lmi"]
[SourceDate "2005.05.22"]

1. e4 d6 2. d4 Nf6 3. Nc3 g6 4. g3 Bg7 5. Bg2 O-O 6. Nge2 e5 7. h3 c6 8. Be3 b5
9. dxe5 dxe5 10. Qxd8 Rxd8 11. Nc1 Bb7 12. Nd3 Nbd7 13. O-O-O a6 14. Rd2 Rdc8
15. g4 c5 16. f3 Bf8 17. g5 Nh5 18. h4 c4 19. Bh3 f5 20. Nf2 Nc5 21. exf5 Ng3
22. fxg6 Nxh1 23. gxh7+ Kxh7 24. Bxc8 Rxc8 25. Nxh1 Bxf3 26. Ng3 b4 27. Nce2
Kg6 28. h5+ Bxh5 29. Nxh5 Kxh5 30. Rd5 b3 31. Kb1 bxc2+ 32. Kxc2 Nd3 33. Bd2
Bb4 34. Bc3 Bxc3 35. Kxc3 Kxg5 36. Rd6 Nc5 37. Kc2 Kf5 38. Nc3 Rh8 0-1

[Event "Capablanca mem Premier I"]
[Site "La Habana CUB"]
[Date "2005.05.16"]
[Round "11.2"]
[White "Kallio, Heikki"]
[Black "Garcia Martinez, Silvino"]
[Result "1-0"]
[WhiteElo "2469"]
[BlackElo "2351"]
[PlyCount "77"]
[EventDate "2005.05.06"]
[EventType "tourn"]
[EventRounds "1"]
[EventCountry "CUB"]
[EventCategory "8"]
[Source "lmi"]
[SourceDate "2005.05.22"]

1. d4 d5 2. c4 c6 3. Nf3 Nf6 4. Nc3 e6 5. Bg5 h6 6. Bxf6 Qxf6 7. e3 Nd7 8. Rc1
Qd8 9. a3 Be7 10. Bd3 O-O 11. O-O a5 12. Re1 Bd6 13. Bb1 f5 14. Ne2 g5 15. cxd5
cxd5 16. Bd3 Rf7 17. Bb5 Qf6 18. Rc3 Nf8 19. Qc2 Bd7 20. Bxd7 Rxd7 21. g3 Rg7
22. Nc1 Ng6 23. Nd3 Rf8 24. Rc8 Rgf7 25. Rxf8+ Rxf8 26. Qc3 f4 27. exf4 gxf4
28. g4 Nh4 29. Nde5 Bxe5 30. dxe5 Qg6 31. h3 Nxf3+ 32. Qxf3 Qc2 33. b3 b5 34.
Kg2 b4 35. axb4 axb4 36. Ra1 Qc3 37. Ra4 Qxe5 38. Rxb4 Rc8 39. Rxf4 1-0

[Event "Capablanca mem Premier I"]
[Site "La Habana CUB"]
[Date "2005.05.16"]
[Round "11.3"]
[White "Abreu, Aryam"]
[Black "Fernandez Romero, Ernesto"]
[Result "1/2-1/2"]
[WhiteElo "2440"]
[BlackElo "2449"]
[PlyCount "37"]
[EventDate "2005.05.06"]
[EventType "tourn"]
[EventRounds "1"]
[EventCountry "CUB"]
[EventCategory "8"]
[Source "lmi"]
[SourceDate "2005.05.22"]

1. e4 e6 2. d4 d5 3. Nc3 Bb4 4. e5 c5 5. a3 Bxc3+ 6. bxc3 Ne7 7. Qg4 O-O 8. Bd3
Nbc6 9. Qh4 Ng6 10. Qxd8 Rxd8 11. Be3 Bd7 12. h4 Nge7 13. g4 cxd4 14. cxd4 Na5
15. h5 Rdc8 16. Bg5 Nec6 17. Ne2 Nc4 18. Ra2 b5 19. h6 1/2-1/2